Résultats des candidats à l’élection présidentielle 2012 - Statistiques

Statistiques générales
  • Ce quiz a été pris 92 fois
  • Le résultat moyen est 8 sur 10
Statistiques - réponses
Parti Score Candidat % Correct
Parti Socialiste 1er tour : 28,63%2nd tour : 51,64% François Hollande
100%
Front National 17,90% Marine Le Pen
100%
UMP 1er tour : 27,18%2nd tour : 48,36% Nicolas Sarkozy
98%
Parti de Gauche 11,10% Jean-Luc Mélenchon
85%
Nouveau Parti Anticapitaliste 1,15% Philippe Poutou
82%
MoDem 9,13% François Bayrou
79%
Lutte Ouvrière 0,56% Nathalie Arthaud
70%
Debout La République 1,79% Nicolas Dupont-Aignan
67%
Europe ÉcologieLes Verts 2,31% Eva Joly
53%
Solidarité et Progrès 0,25% Jacques Cheminade
49%
Aucun quiz correspondant
Distribution des résultats
% des personnes avec chaque résultat
Percentile par nombre de réponses
Votre historique - résultats
Vous n’avez pas pris ce quiz